00783nam a22002297a 4500999001500000001000600015003000900021005001700030008004100047020002300088020002300111040002800134082002000162100002500182245006500207260006500272300002400337504004100361650002200402942001200424952011700436 c6327d632715380BD-DhUAP20201229145402.0201229r19911961ctu b 000 0 eng d a0300003463 (cloth) a0300000332 (paper) aDLCcDLCdBD-DhUAPbEng00a347.05 CAR 2231 aCardozo, Benjamin N.14aThe nature of the judicial process/cby Benjamin N. Cardozo. aNew Delhi :bUniversal Law Publishing,cc1961[Reprint 2010]. a180 pages ;c21 cm. aIncludes bibliographical references. 0aJudicial process. 2ddccBK 00102ddc4070aUAPCLbUAPCLcGeneral Stacksd2020-12-29o347.05 CARp3010015380r2020-12-29t1w2020-12-29yBK